000 00316nam a2200121Ia 4500
008 231120s2019 xx 000 0 und d
041 _aeng
082 _a751.422
100 _aMICHAEL LAKIN
245 _aBEGINNERS GUIDE TO BOTANICAL FLOWER PAINTING
260 _aSEARCH PRESS
_bSEARCH PRESS
_c2019
300 _aP-128
999 _c933426
_d933426